000 00774nam a2200253 i 4500
001 92671
003 ES-MaACL
005 20260525062929.0
007 t|
008 050414s1991 sp ||||1| spa d
020 _a84-239-1967-6
080 _a161.2
100 1 _aKant, Immanuel,
_d1724-1804
_9222608
245 1 0 _aCrítica del juicio /
_cImmanuel Kant ; edición y traducción Manuel García Morente.
250 _a5ª ed.
260 _aMadrid :
_bEspasa Calpe,
_c1991.
300 _a487 p. ;
_c18 cm.
490 1 _aColección austral ;
_v167
650 4 _aJuicio (Lógica)
_914026
700 1 _aGarcía Morente, Manuel,
_d1886-1942
_955002
830 0 _aColección austral
_v167
_9177655
852 _aES-MaACL
_jE-10980
_bR.134767
999 _c92671
_d92671